| 000 | 02011nam0a2200373 4500 | ||
|---|---|---|---|
| 001 | RU\NLR\bibl\1158455 | ||
| 005 | 20260407124912.0 | ||
| 010 |
_a978-5-482-01584-1 _93000 |
||
| 021 |
_aRU _b2007-70904 _93810 |
||
| 035 | _a(NLR Aleph) 001145211 | ||
| 090 |
_a1442835 _c1442835 |
||
| 100 | _a20071123d2007 |||y0rusy50 ca | ||
| 101 | 0 | _arus | |
| 102 | _aRU | ||
| 105 | _ay ||||||||| | ||
| 200 | 1 |
_aЭкологическое право _eучебник _f[Бакунина Т.С., к.ю.н., доц., Быстров Г.Е., д.ю.н., проф., Выпханова Г.В., к.ю.н., доц. и др.] _gотв. ред.: д.ю.н., проф. Г.Е. Быстров [и др.] _gМ-во образования и науки Рос. Федерации, Моск. гос. юрид. акад. |
|
| 210 |
_aМосква _cПроспект _d2007 |
||
| 215 |
_a646 с. _d22 |
||
| 300 | _aАвт. указаны на обороте тит.л. | ||
| 320 | _aБиблиогр.: с. 616-640 и в подстроч. прим. | ||
| 606 | 1 |
_aЭкологическое право _jУчебники для высших учебных заведений _yРоссийская Федерация _92073085 _3RU\NLR\auth\661247957 |
|
| 686 | _aХ625.9я73 | ||
| 701 | 1 |
_aБакунина _bТ. С. _gТатьяна Сергеевна _4070 |
|
| 701 | 1 |
_4070 _8rus _7ca _aБыстров _bГ. Е. _gГригорий Ефимович _3RU\NLR\auth\775051 _9115021 |
|
| 701 | 1 |
_4070 _7ca _8rus _aВыпханова _bГ. В. _f1961- _gГалина Викторовна _9186501 _3RU\NLR\AUTH\770186552 |
|
| 702 | 1 |
_4340 _8rus _7ca _aБыстров _bГ. Е. _gГригорий Ефимович _3RU\NLR\auth\775051 _9115021 |
|
| 712 | 0 | 2 |
_4570 _aМосковская государственная юридическая академия _3RU\NLR\AUTH\889967931 _9432223 |
| 801 | 0 |
_aRU _bNLR _c20071123 _gRCR |
|
| 801 | 1 |
_aRU _bNLR _c20071123 |
|
| 830 | _aАвт. по кн. | ||
| 942 | _cBOOK | ||
| 980 | _aNB | ||